000 00915nam a22001937a 4500
005 20260223150453.0
008 260223b |||||||| |||| 00| 0 eng d
020 _a(hbk)
040 _cUE-CL
082 _a891.55
_bAg11
100 _aشرف حجو آغا
245 _aشکوه فرنگ
_c/آغا حجو شرف
260 _a:لاہور
_b,ڈاکٹر عبادت بریلوی
_c1968
300 _a135 P.
505 _a1. ہم ہیں اے یار چڑھائے ہوئے پیمانۂ عشق ترے متوالے ہیں مشہور ہیں مستانۂ عشق… 2. شاخ گل جھوم کے گلزار میں سیدھی جو ہوئی پھر گیا آنکھ میں نقشہ تری انگڑائی کا… 3. عشق ہو جائے گا میری داستانِ عشق سے رات بھر جاگا کرو گے اس کہانی کے لیے…
546 _aاردو
650 _aشکوه --فرنگ
942 _cBK
999 _c25794
_d25793